Largest US state neighbor - Statistics

General Stats
  • This quiz has been taken 1,554 times
  • The average score is 33 of 48
Answer Stats
Hint Answer % Correct
Arizona California
97%
California Arizona
93%
Florida Georgia
92%
Georgia Florida
90%
Idaho Montana
89%
Connecticut New York
89%
Alabama Florida
87%
Arkansas Texas
86%
Maine New Hampshire
81%
Louisiana Texas
81%
Massachusetts New York
78%
New Mexico Texas
78%
Nevada California
77%
Oregon California
76%
Colorado New Mexico
76%
New Jersey New York
76%
Delaware Pennsylvania
75%
New York Pennsylvania
75%
Oklahoma Texas
75%
New Hampshire Maine
74%
Illinois Michigan
74%
Indiana Michigan
74%
Pennsylvania New York
74%
North Dakota Montana
72%
Maryland Pennsylvania
72%
Texas New Mexico
69%
Montana Wyoming
68%
South Carolina Georgia
67%
Iowa Minnesota
67%
Michigan Minnesota
66%
Washington Oregon
65%
Kansas Colorado
64%
Minnesota Michigan
64%
South Dakota Montana
62%
Vermont New York
62%
Ohio Michigan
61%
Wyoming Montana
58%
Rhode Island New York
57%
Nebraska Colorado
54%
Wisconsin Michigan
54%
Virginia North Carolina
53%
Mississippi Arkansas
52%
Missouri Kansas
52%
North Carolina Georgia
49%
Kentucky Missouri
49%
West Virginia Pennsylvania
48%
Utah New Mexico
46%
Tennessee Missouri
40%
No matching quizzes found
Score Distribution
Percent of People with Each Score
Percentile by Number Answered
Your Score History
You have not taken this quiz